书目信息 |
| 题名: |
乌韦·勒斯与他的学生们
|
|
| 作者: | 何见平 主编 ;朱 , 丰克 , 埃尔 译 | |
| 分册: | ||
| 出版信息: | 北京 中国青年出版社 2004 |
|
| 页数: | 1册 | |
| 开本: | 24cm | |
| 丛书名: | 国际现代设计艺术大系 | |
| 单 册: | ||
| 中图分类: | J506 | |
| 科图分类: | ||
| 主题词: | 平面设计--德国--现代--图集 , 平面设计 , 工艺美术--艺术理论 | |
| 电子资源: | ||
| ISBN: | 7-5006-5665-3 | |
| 000 | 01194oam2 2200313 450 | |
| 001 | 0709000079 | |
| 005 | 20070531110254.70 | |
| 010 | @a7-5006-5665-3@dCNY78.00 | |
| 100 | @a20050104d2004 em y0chiy0110 ea | |
| 101 | 2 | @achi@aeng@ceng |
| 102 | @aCN@b110000 | |
| 105 | @aa z 000yy | |
| 200 | 1 | @a乌韦·勒斯与他的学生们@Awu wei· le si yu ta de xue sheng men@dUwe Loesch & Students@f何见平主编@g[德] 朱(Candie Zhu), [德] 丰克(Michal Funk), [德] 埃尔(Ye Er)译@zeng |
| 210 | @a北京@c中国青年出版社@d2004 | |
| 215 | @a1册@c图@d24cm | |
| 225 | 2 | @a国际现代设计艺术大系@i名师高徒系列设计丛书 |
| 330 | @a本书分两部分,一部分为国际著名平面造型艺术师、德国艺术家乌韦·勒斯教授的艺术作品,另一部分为他影响下的青年设计师创作的作品。 | |
| 462 | 0 | @12001 @a名师高徒系列设计丛书 |
| 510 | 1 | @aUwe Loesch & Students@zeng |
| 606 | 0 | @a平面设计@y德国@z现代@j图集 |
| 606 | 0 | @a平面设计 |
| 606 | 0 | @a工艺美术@x艺术理论 |
| 690 | @aJ506@v4 | |
| 701 | 0 | @a何见平@Ahe jian ping@4主编 |
| 702 | 1 | @c( )@a朱@Azhu@c(Zhu, Candie)@4译 |
| 702 | 1 | @c( )@a丰克@Afeng ke@c(Funk, Michal)@4译 |
| 702 | 1 | @c( )@a埃尔@Aai er@c(Er, Ye)@4译 |
| 801 | 0 | @aCN@bTAOJIN@c20070531 |
| 905 | @a10447@dJ506@e214:1 | |
| 乌韦·勒斯与他的学生们=Uwe Loesch & Students/何见平主编/[德] 朱(Candie Zhu), [德] 丰克(Michal Funk), [德] 埃尔(Ye Er)译.-北京:中国青年出版社,2004 |
| 1册:图;24cm.-(国际现代设计艺术大系.名师高徒系列设计丛书) |
| ISBN 7-5006-5665-3:CNY78.00 |
| 本书分两部分,一部分为国际著名平面造型艺术师、德国艺术家乌韦·勒斯教授的艺术作品,另一部分为他影响下的青年设计师创作的作品。 |
| ● |
| 相关链接 |
|
|
|
|
正题名:乌韦·勒斯与他的学生们
索取号:J506/214:1
 
预约/预借
| 序号 | 登录号 | 条形码 | 馆藏地/架位号 | 状态 | 备注 |
| 1 | 0523831 | 205238312 | 第一样本阅览室/ [索取号:J506/214:1] | 在馆 | |
| 2 | 0523832 | 205238321 | 第一借阅区/ [索取号:J506/214:1] | 在馆 | |
| 3 | 0523833 | 205238330 | 第一借阅区/ [索取号:J506/214:1] | 在馆 |